000 00610nam a2200217Ia 4500
005 20241129105830.0
008 241129s9999||||xx |||||||||||||| ||und||
020 _a978-93-90789-76-4
037 _aTB
040 _aARTS
_beng
_cARTS
041 _aeng
_2urd
084 _aO168,1NIS:g R1
_qARTS
100 _aIshrat Shabana Au.
_9726450
245 0 _aDhund mein lipta chand
_cIshrat Shabana Au.
260 _aDelhi, India
_bEducational Publishing House
_c2017
300 _a124p.
365 _aINR
_b150
650 _aUrdu Poetry
942 _cTB
_hO168,1NIS:g R1
999 _c1226194
_d1226194